Los Campesinos! Discography - Statistics

General Stats
  • This quiz has been taken 32 times
  • The average score is 66 of 111
Answer Stats
Album Answer % Correct
Romance Is Boring Romance Is Boring
93%
Romance Is Boring Coda: A Burn Scar In The Shape Of The Sooner State
87%
Hold On Now, Youngster... Knee Deep At ATP
87%
Romance Is Boring There Are Listed Buildings
87%
We Are Beautiful, We Are Doomed We Are Beautiful, We Are Doomed
87%
Whole Damn Body Allez Les Blues
80%
No Blues Avocado, Baby
80%
Hello Sadness By Your Hand
80%
Romance Is Boring Heart Swells / 100-1
80%
Hello Sadness Hello Sadness
80%
Whole Damn Body She Crows (Documented Minor Emotional Breakdown #4)
80%
All Hell 0898 HEARTACHE
73%
Romance Is Boring A Heat Rash In The Shape Of The Show Me State; or, Letters From Me To Charlotte
73%
Sick Scenes A Litany/Heart Swells
73%
We Are Beautiful, We Are Doomed All Your Kayfabe Friends
73%
All Hell A Psychic Wound
73%
Hello Sadness Baby I Got The Death Rattle
73%
Hold On Now, Youngster... Broken Heartbeats Sound Like Breakbeats
73%
Hold On Now, Youngster... Death to Los Campesinos!
73%
We Are Beautiful, We Are Doomed Documented Minor Emotional Breakdown #1
73%
We Are Beautiful, We Are Doomed Heart Swells / Pacific Daylight Time
73%
Romance Is Boring In Medias Res
73%
All Hell kms
73%
Romance Is Boring Straight In At 101
73%
Sick Scenes The Fall of Home
73%
Romance Is Boring The Sea Is A Good Place To Think Of The Future
73%
Romance Is Boring This Is A Flag. There Is No Wind
73%
Hold On Now, Youngster... This Is How You Spell "HAHAHA, We Destroyed The Hopes And Dreams Of A Generation Of Faux-Romantics"
73%
Hello Sadness To Tundra
73%
Romance Is Boring We've Got Your Back (Documented Minor Emotional Breakdown #2)
73%
Hold On Now, Youngster... You! Me! Dancing!
73%
Hold On Now, Youngster... Drop It Doe Eyes
67%
Sick Scenes Got Stendhal's
67%
Sick Scenes Here's to the Fourth Time!
67%
All Hell Holy Smoke (2005)
67%
Romance Is Boring I Just Sighed. I Just Sighed, Just So You Know
67%
Hello Sadness Life Is A Long Time
67%
Whole Damn Body Light Leaves, Dark Sees, Pt. I
67%
Hello Sadness Light Leaves, Dark Sees - Pt. II
67%
We Are Beautiful, We Are Doomed Miserabilia
67%
Hold On Now, Youngster... My Year In Lists
67%
Sick Scenes Renato Dall'ara (2008)
67%
All Hell The Coin-op Guillotine
67%
Whole Damn Body To The Boneyard
67%
No Blues What Death Leaves Behind
67%
Sick Scenes 5 Flucloxacillin
60%
All Hell Adult Acne Stigmata
60%
No Blues As Lucerne/The Low
60%
No Blues Cemetery Gaits
60%
Hold On Now, Youngster... (Remastered Deluxe) C Is The Heavenly Option
60%
All Hell Clown Blood; or, Orpheus' Bobbing Head
60%
Whole Damn Body Dumb Luck
60%
Hello Sadness Every Defeat A Divorce (Three Lions)
60%
All Hell Feast of Tongues
60%
Whole Damn Body Four Seasons
60%
Hello Sadness Hate For The Island
60%
Sick Scenes Hung Empty
60%
Sick Scenes I Broke Up in Amarante
60%
All Hell I. Spit; or, a Bite Mark in the Shape of the Sunflower State
60%
We Are Beautiful, We Are Doomed It's Never That Easy Though, Is It?
60%
All Hell Long Throes
60%
Romance Is Boring Plan A
60%
No Blues Selling Rope (Swan Dive To Estuary)
60%
Hello Sadness The Black Bird, The Dark Slope
60%
We Are Beautiful, We Are Doomed The End Of The Asterisk
60%
All Hell To Hell in a Handjob
60%
Romance Is Boring Too Many Flesh Suppers
60%
Romance Is Boring 200-102
53%
A Los Campesinos! Christmas A Doe to a Deer
53%
No Blues A Portrait Of The Trequartista As A Young Man
53%
Sick Scenes A Slow, Slow Death
53%
Hold On Now, Youngster... Don't Tell Me To Do The Math(s)
53%
No Blues For Flotsam
53%
No Blues Glue Me
53%
Single I Love You (But You're Boring)
53%
All Hell Moonstruck
53%
Hold On Now, Youngster... (Remastered Deluxe) Police Story
53%
Hello Sadness Songs About Your Girlfriend
53%
Hold On Now, Youngster... Sweet Dreams, Sweet Cheeks
53%
Whole Damn Body Tiptoe Through The True Bits
53%
Hold On Now, Youngster... We Are All Accelerated Readers
53%
Romance Is Boring Who Fell Asleep In
53%
We Are Beautiful, We Are Doomed You'll Need Those Fingers For Crossing
53%
Hold On Now, Youngster... 2007: The Year Punk Broke (My Heart)
47%
Hold On Now, Youngster... ...And We Exhale And Roll Our Eyes In Unison
47%
We Are Beautiful, We Are Doomed Between An Erupting Earth And An Exploding Sky
47%
Sick Scenes For Whom The Belly Tolls
47%
Hold On Now, Youngster... (Remastered Deluxe) Frontwards
47%
All Hell III. Surfing a Contrail
47%
Romance Is Boring I Warned You: Do Not Make An Enemy Of Me
47%
Single Little Mouth
47%
A Los Campesinos! Christmas The Holly & the Ivy
47%
Hold On Now, Youngster... (Remastered Deluxe) The International Tweexcore Underground
47%
All Hell The Order of the Seasons
47%
No Blues The Time Before The Last Time
47%
We Are Beautiful, We Are Doomed Ways To Make It Through The Wall
47%
Hold On Now, Youngster... (Remastered Deluxe) We Throw Parties, You Throw Knives
47%
Hold On Now, Youngster... (Remastered Deluxe) Clunk-Rewind-Clunk-Play-Clunk
40%
No Blues Let It Spill
40%
Sick Scenes Sad Suppers
40%
Hold On Now, Youngster... (Remastered Deluxe) The Eyebright Bugler
40%
Hold On Now, Youngster... (Remastered Deluxe) Yr Boyfriend
40%
Hold On Now, Youngster... (Remastered Deluxe) How I Taught Myself To Scream
33%
All Hell II. Music for Aerial Toll House
33%
Hold On Now, Youngster... (Remastered Deluxe) It Started With A Mixx
33%
More Hell Wait
33%
Hold On Now, Youngster... (Remastered Deluxe) In Accordance To Natural Law
27%
A Los Campesinos! Christmas Lonely This Christmas
27%
A Los Campesinos! Christmas The Trains Don't Run (It's Christmas Day)
27%
A Los Campesinos! Christmas When Christmas Comes
27%
A Los Campesinos! Christmas Kindle a Flame in Her Heart
13%
No matching quizzes found
Score Distribution
Percent of People with Each Score
Percentile by Number Answered
Your Score History
You have not taken this quiz